Quantative Aptitude : (Record no. 98557)

MARC details
000 -LEADER
fixed length control field 00631nam a22002177a 4500
005 - DATE AND TIME OF LATEST TRANSACTION
control field 20160108132721.0
010 ## - LCCN (DPL NO)
LC control number B-538223
020 ## - INTERNATIONAL STANDARD BOOK NUMBER
Terms of availability 500.00
035 ## - SYSTEM CONTROL NUMBER
System control number B-538223
037 ## - SOURCE OF ACQUISITION
Source of stock number/acquisition KKP
Stock number dpl
037 ## - SOURCE OF ACQUISITION
Source of stock number/acquisition Vender
082 ## - DEWEY DECIMAL CLASSIFICATION NUMBER
Classification number 510
100 ## - MAIN ENTRY--PERSONAL NAME
Personal name Aggrawal, R. S.
245 ## - TITLE STATEMENT
Title Quantative Aptitude :
Remainder of title /
Statement of responsibility, etc by Aggrawal, R. S.
260 ## - PUBLICATION, DISTRIBUTION, ETC. (IMPRINT)
Name of publisher, distributor, etc S. Chand
Place of publication, distribution, etc New Delhi
270 ## - ADDRESS
City New Delhi
Address 7361, Ram Nagar Qutub Road
300 ## - PHYSICAL DESCRIPTION
Extent -
Dimensions -
490 ## - SERIES STATEMENT
Series statement Trueman's specific series
942 ## - ADDED ENTRY ELEMENTS (KOHA)
Source of classification or shelving scheme Dewey Decimal Classification
Item type English Books
Classification part 510
Call number suffix AGG
Holdings
Withdrawn status Lost status Not for loan Collection code Home library Current library Date acquired Source of acquisition Cost, normal purchase price Full call number Barcode Copy number Cost, replacement price Koha item type
      Non-fiction Central Library Central Library 08/01/2016 KKP/BL16/20-06-2014/660/19-06-2014/17-07-2014 500.00 510 AGG B-538223 1 500.00 English Books

© Delhi Public Library
Hit Counter
free hit counter